The Chemical Analysis of foods & foods production (Record no. 301849)

MARC details
000 -LEADER
fixed length control field 00354pam a2200133a 44500
008 - FIXED-LENGTH DATA ELEMENTS--GENERAL INFORMATION
fixed length control field 230405s1999 xxu||||| |||| 00| 0 eng d
041 ## - LANGUAGE CODE
Language code of text/sound track or separate title ENG
100 ## - MAIN ENTRY--PERSONAL NAME
Personal name Morris B. Jacobs
245 ## - TITLE STATEMENT
Title The Chemical Analysis of foods & foods production
250 ## - EDITION STATEMENT
Edition statement 1
260 ## - PUBLICATION, DISTRIBUTION, ETC.
Place of publication, distribution, etc. new delhi
Name of publisher, distributor, etc. C.B.S Publishers & Distributers
Date of publication, distribution, etc. 1999
300 ## - PHYSICAL DESCRIPTION
Extent 969
906 ## - LOCAL DATA ELEMENT F, LDF (RLIN)
a 11350
Holdings
Withdrawn status Lost status Damaged status Not for loan Collection Home library Current library Shelving location Date acquired Source of acquisition Cost, normal purchase price Total Checkouts Full call number Barcode Date last seen Price effective from Koha item type
          Matoshri Bayabai Shripatrao Kadam Kanya Mahavidyalaya, Kadegaon, Sangli Matoshri Bayabai Shripatrao Kadam Kanya Mahavidyalaya, Kadegaon, Sangli   27/06/2012 Universal Book stall 450.00   570 KVK-XTH02636 18/04/2023 18/04/2023 Book